Focus one (Record no. 77116)

MARC details
000 -LEADER
fixed length control field 00980cab a2200241 4500
001 - CONTROL NUMBER
control field ##L133627
008 - FIXED-LENGTH DATA ELEMENTS--GENERAL INFORMATION
fixed length control field 060525n2006 000 0 eng u
035 ## - SYSTEM CONTROL NUMBER
System control number (Sirsi) u133627
041 0# - LANGUAGE CODE
Language code of text/sound track or separate title eng
100 1# - MAIN ENTRY--PERSONAL NAME
Personal name Pilkington, Lisa
245 00 - TITLE STATEMENT
Title Focus one
Remainder of title Yorkshire retail and leisure
260 ## - PUBLICATION, DISTRIBUTION, ETC.
Date of publication, distribution, etc. 2006
490 #0 - SERIES STATEMENT
Series statement Estates Gazette
Volume/sequential designation (0620) 20 May 2006, 135-151(13)
520 ## - SUMMARY, ETC.
Summary, etc. Covers the redevelopment of a Leeds department store site and the boosting of Bradford's retail and leisure offer. Reports on plans to build family homes on the fringes of Leeds city centre, two new shopping centres in Sheffield, major retail developments in Barnsley and the surge in commercial property investment in Huddersfield.
590 ## - LOCAL NOTE (RLIN)
Local note IKA060606
651 #4 - SUBJECT ADDED ENTRY--GEOGRAPHIC NAME
Geographic name YORKSHIRE
690 ## - LOCAL SUBJECT ADDED ENTRY--TOPICAL TERM (OCLC, RLIN)
Topical term or geographic name as entry element PROPERTY-COMMERCIAL PROPERTY-COMMERCIAL PROPERTY MARKET
700 1# - ADDED ENTRY--PERSONAL NAME
Personal name Quinn, David
700 1# - ADDED ENTRY--PERSONAL NAME
Personal name Norwood, Graham
700 1# - ADDED ENTRY--PERSONAL NAME
Personal name Adshead, Anthony
700 1# - ADDED ENTRY--PERSONAL NAME
Personal name Kivlehan, Noella Pio
942 ## - ADDED ENTRY ELEMENTS (KOHA)
Suppress in OPAC 0
Holdings
Withdrawn status Lost status Source of classification or shelving scheme Damaged status Not for loan Home library Current library Shelving location Date acquired Total Checkouts Full call number Barcode Date last seen Copy number Price effective from Koha item type
    Dewey Decimal Classification     London London Journal article 25/05/2006   L133627 133627-1001 06/08/2019 1 06/08/2019 Journal article